00557nam a22001697a 4500008004100000020001700041082001100058100001900069245005400088260002500142300000800167650001100175796001900186942001200205999001700217952015300234230927b |||||||| |||| 00| 0 eng d a81-2032135-9 a105.32 aJ. V. Casanova aMultimedia Information NetworkingcJ. V. Casanova aNew DelhibPHIc2001 a189 aBB CSE aJ. V. Casanova 2ddccBK c20251d20251 pBB 1322l0eDonatedr2025-05-17 00:00:00w2023-09-27yBK004070aMIETLIBbMIETLIBcBL-Academic Block B, FL-2, CUP-100, SH2, R-2d2023-09-2710HBB